000 00253nam a2200097Ia 4500
001 722948
005 20250826163321.0
008 250824s9999 xx 000 0 und d
245 0 _aİÇİMDEKİ MÜZİK
_cSHARON M. DRAPER
260 _bGENÇ TİMAŞ YAYINLARI
999 _c722948
_d722948